| 000 | 01040nam a2200265 a 4500 | ||
|---|---|---|---|
| 001 | 000028770 | ||
| 003 | 000028770 | ||
| 005 | 20210504084658.0 | ||
| 008 | 110412s2010 dr 000 fdspa d | ||
| 020 | _a9789945429275 | ||
| 040 |
_aBPMSU _bspa _cBPMSU |
||
| 082 |
_2 _a972.93054 _bV297a |
||
| 100 | 1 | _aVargas Pimentel, Nicolás Américo | |
| 245 | 1 | 0 |
_aAl borde de la tormenta : _bdiario de Santiago en la Guerra de Abril / _cNicolás Vargas. |
| 260 |
_aSanto Domingo : _bSuma de Letras, _c2010. |
||
| 300 |
_a301 p. ; _c24 cm. |
||
| 500 | _aIncluye datos del autor en la en la solapa de la contracubierta. | ||
| 590 | _6Inventariado, 2021/VM | ||
| 651 | 4 |
_aRepública Dominicana _xHistoria _yRevolución, 1965 _xCorrespondencia, memorias, etc. |
|
| 651 | 4 |
_aRepública Dominicana _xHistoria _yOcupaciión Norteamericana, 1985-1966 _xCorrespondencia, memorias, etc. |
|
| 910 | _a VMateo /Validado. Control de calidad EMS. | ||
| 942 |
_2ddc _cBK |
||
| 945 | _aInventariado / 2017 VM | ||
| 956 |
_aVMATEO _b10 _c20150721 _lBPMSU _h0069 |
||
| 999 |
_c7126 _d7126 |
||